ბათუმის შოთა რუსთაველის სახელმწიფო უნივერსიტეტის ბიბლიოთეკა

საანგარიშო–საპროექტო სამუშაოები მასალათა გამძლეობაში : დამხმ. სახელმძღ. / (ბიბ.ჩანაწერი № 37434)

000 -ლიდერი
ფიქსირებული სიგრძის საკონტროლო ველი 01081nam a2200217Ia 4500
001 - საკონტროლო ნომერი
საკონტროლო ველი 3393
003 - საკონტროლო ნომრის იდენტიფიკატორი
საკონტროლო ველი GE_BSU
005 - ბოლო ოპერაციის თარიღი და დრო
საკონტროლო ველი 20190607162047.0
008 - ფიქსირებული სიგრძის მონაცემთა ელემენტები - ზოგადი ინფორმაცია
ფიქსირებული სიგრძის საკონტროლო ველი 181216s1981|||| |||||||||||||| ||geo||
040 ## - კატალოგიზაციის წყარო
Transcribing agency GE_BSU
041 ## - ენის კოდი
Language code of text/sound track or separate title geo
080 ## - უნივერსალური ათობითი კლასიფიკაციის ინდექსი
Universal Decimal Classification number 620.1:539.3(075.8) ჩ–65
100 ## - მთავარი ჩანაწერი - პიროვნების სახელი
Personal name ჩირაძე, ლ.
9 (RLIN) 524
245 ## - ცნობა სათაურის შესახებ
Title საანგარიშო–საპროექტო სამუშაოები მასალათა გამძლეობაში : დამხმ. სახელმძღ. /
Statement of responsibility, etc ლ. ჩირაძე ; ა.მჭედლიშვილი ; რედ: ე.გიორგაძე.
264 ## - წარმოების, გამოცემის, დისტრიბუციის და სხვა ცნობები
გამოცემის, წარმოების, დისტრიბუციის... ადგილი თბილისი :
გამოცემის, წარმოების, დისტრიბუციის... სახელწოდება სპი,
გამოცემის, წარმოების, დისტრიბუციის... თარიღი 1981.
300 ## - ფიზიკური აღწერა
Extent 125 გვ .:
Other physical details ცხრ.
Dimensions 20 სმ.
653 ## - INDEX TERM--UNCONTROLLED
Uncontrolled term საანგარიშო–საპროექტო სამუშაოები მასალათა გამძლეობაში
700 ## - ADDED ENTRY--PERSONAL NAME
Personal name მჭედლიშვილი, ა.
9 (RLIN) 2197
700 ## - ADDED ENTRY--PERSONAL NAME
Personal name გიორგაძე, ე
Relator term რედაქტორი
9 (RLIN) 398
942 ## - ADDED ENTRY ELEMENTS (KOHA)
Koha item type წიგნი
Source of classification or shelving scheme
ეგზემპლარები
ჩამოწერის სტატუსი დაკარგული ეგზემპლარის სტატუსი კლასიფიკაციის წყარო ან თაროზე გაწყობის სქემა დაზიანების სტატუსი არ გაიცემა მუდმივი მდებარეობა (დაცვის ადგილი) ამჟამინდელი ადგილსამყოფელი თაროზე განთავსების ადგილი შეძენის თარიღი სრული შენახვის შიფრი შტრიხკოდი ბოლო ოპერაციის თარიღი ეგზემპლარის მიმდევრობითი ნომერი (კეტერი?) ფასის ძალაში შესვლის თარიღი ეგზემპლარის სახეობა
          ტექნოლოგიური ფაკულტეტის ბიბლიოთეკა ტექნოლოგიური ფაკულტეტის ბიბლიოთეკა წიგნსაცავი 2018-12-17 620.1:539.3(075.8) ჩ–65 10592 2018-12-17 10592 2018-12-17 წიგნი
          ტექნოლოგიური ფაკულტეტის ბიბლიოთეკა ტექნოლოგიური ფაკულტეტის ბიბლიოთეკა წიგნსაცავი 2018-12-17 620.1:539.3(075.8) ჩ–65 10593 2018-12-17 10593 2018-12-17 წიგნი
          ტექნოლოგიური ფაკულტეტის ბიბლიოთეკა ტექნოლოგიური ფაკულტეტის ბიბლიოთეკა წიგნსაცავი 2018-12-17 620.1:539.3(075.8) ჩ–65 10594 2018-12-17 10594 2018-12-17 წიგნი
          ტექნოლოგიური ფაკულტეტის ბიბლიოთეკა ტექნოლოგიური ფაკულტეტის ბიბლიოთეკა წიგნსაცავი 2018-12-17 620.1:539.3(075.8) ჩ–65 10595 2018-12-17 10595 2018-12-17 წიგნი
          ტექნოლოგიური ფაკულტეტის ბიბლიოთეკა ტექნოლოგიური ფაკულტეტის ბიბლიოთეკა წიგნსაცავი 2018-12-17 620.1:539.3(075.8) ჩ–65 10596 2018-12-17 10596 2018-12-17 წიგნი